| 000 | 00498nam a2200157 4500 | ||
|---|---|---|---|
| 001 | 131879 | ||
| 003 | ES-MaACL | ||
| 005 | 20230906194050.0 | ||
| 007 | t| | ||
| 008 | 070214s1956 sp r ||||1| spa d | ||
| 100 | 1 |
_aRodríguez-Moñino, Antonio. _998681 |
|
| 245 | 1 | 0 |
_aViaje a España del rey don Sebastián de Portugal _b: (1576-1577) / _cpor Antonio Rodríguez-Moñino. |
| 260 |
_aValencia : _bCastalia, _c1956. |
||
| 300 |
_a128 p., 1 lám. ; _c24 cm. |
||
| 852 |
_aES-MaACL _jC-11722 _bR.39699 |
||
| 999 |
_c131879 _d131879 |
||